Obnoviteľné zdroje energie - ekonomické aspekty

Z prognózy energetického vývoja do roku 2050 vyplýva zvyšovanie podielu obnoviteľných zdrojov energie na európskom energetickom mixe. Toto smerovanie je podporené názormi obyvateľov EÚ. So širším využívaním obnoviteľných zdrojov energie sú spojené ekonomické problémy. V príspevku sú identifikované t...

Ausführliche Beschreibung

Gespeichert in:
Bibliographische Detailangaben
1. Verfasser: Gajdoš, Jozef, 1962-2025
Weitere Verfasser: Bosáková, Mária
Format: Buchkapitel
Sprache:Slowakisch
Schlagworte:
Tags: Tag hinzufügen
Keine Tags, Fügen Sie das erste Tag hinzu!

MARC

LEADER 00000nla$a2200000$$$4500
001 0087292
005 20240502071959.9
041 0 |a slo 
044 |a SK 
245 1 0 |a Obnoviteľné zdroje energie - ekonomické aspekty  |c Jozef Gajdoš, Mária Bosáková 
520 |a Z prognózy energetického vývoja do roku 2050 vyplýva zvyšovanie podielu obnoviteľných zdrojov energie na európskom energetickom mixe. Toto smerovanie je podporené názormi obyvateľov EÚ. So širším využívaním obnoviteľných zdrojov energie sú spojené ekonomické problémy. V príspevku sú identifikované tie z nich, ktoré sú spojené s dopravou, kalkuláciou nákladov a s celospoločenským hodnotením nákladov a prínosov. 
610 2 0 |a zdroje energetické 
610 2 0 |a vývoj 
610 2 0 |a zdroje energie obnoviteľné 
610 2 0 |a náklady 
100 1 |a Gajdoš, Jozef, 1962-2025 
700 1 |a Bosáková, Mária